LEADER 01045nam a2200253 u 4500 001 000000061296 003 CaOOAMICUS 005 20070226121016.0 008 010904s1973 be u000 u fre u 035 $a10901318 040 $aPUL(R)$bita 100 1 $aSchooyans, Michel,$d1930-$0(OLS)http://pul/name/7339 245 10$aDestin du Brésil :$bla technocratie militaire et son idéologie /$cMichel Schooyans. 260 $aGembloux :$bJ. Duculot,$c1973. 300 $a230 p. ;$c23 cm 504 $aBibliografia in nota. 650 4$aTotalitarismo.$0(OLS)http://pul/subject/19195 651 4$aBrasile$xStoria.$0(OLS)http://pul/subject/14984 850 $aPUL 852 $aPUL$W1$xDP1 Cons. Gen., Altre Classi 1$y22$m44 M 50$j79877$nBK-PRI$b $qStampati$B79877$CPULBib$Z2$F79877 $H $81 941 1 $a8 961 $aINV: 83241 996 $6245$aDestin du Brésil :$bla technocratie militaire et son idéologie$9(OLS)http://pul/title/81836 996 $6260$aGembloux :$bJ. Duculot$9(OLS)http://pul/publisher/48451 LEADER 01529nam a2200301 u 4500 001 000000058558 003 CaOOAMICUS 005 20070226120715.0 008 010607s1974 it u000 u ita u 035 $a10891709 040 $aPUL(R)$bita 041 1 $aita$hger 100 1 $aGierke, Otto Friedrich von,$d1841-1921.$0(OLS)http://pul/name/3700 245 10$aGiovanni Althusius e lo sviluppo storico delle teorie politiche giusnaturalistiche :$bcontributo alla storia della sistematica del diritto /$cOtto von Grieke ; a cura di Antonio Giolitti. 260 $aTorino :$bGiulio Einaudi,$c1974. 300 $axi, 251 p. ;$c22 cm 490 1 $aReprints Einaudi ;$v34 504 $a"Bibliografia generale": p. 249. 600 14$aAlthusius, Johannes,$d1557-1638$xPensiero politico e sociale.$0(OLS)http://pul/subject/23027 650 4$aFilosofia politica.$0(OLS)http://pul/subject/155 700 1 $aGiolitti, Antonio,$d1915-2010.$0(OLS)http://pul/name/40181 830 0$aReprints Einaudi ;$v34.$0(OLS)http://pul/title/16411 850 $aPUL 852 $aPUL$W1$xDP1 Altre Collocazioni$y17$mSenza collocazione$j12$nBK-PRI$b $qStampati$B76487$CPULBib$Z2$F76487 $H $81 941 1 $a8 960 $aFilosofia della politica$9155 996 $6245$aGiovanni Althusius e lo sviluppo storico delle teorie politiche giusnaturalistiche :$bcontributo alla storia della sistematica del diritto$9(OLS)http://pul/title/78447 996 $6260$aTorino :$bGiulio Einaudi$9(OLS)http://pul/publisher/54573